[Event "3.Nord-West-Cup"]
[Site "?"]
[Date "2001.02.04"]
[Round "6"]
[White "Richter, Goetz"]
[Black "Asendorf, Joachim"]
[Result "0-1"]
[WhiteElo "2083"]
[BlackElo "2268"]
[PlyCount "102"]

1. e4 c5 2. Nf3 d6 3. d4 cxd4 4. Nxd4 Nf6 5. Nc3 g6 6. Be2 Bg7 7. O-O Nc6 8.
Nb3 Be6 9. Re1 O-O 10. Bf1 a5 11. a4 Nb4 12. Nd4 Qc8 13. Nxe6 Qxe6 14. Nb5 Rfc8
15. Nd4 Qg4 16. f3 Qd7 17. Bb5 Qd8 18. c3 Na6 19. Be3 Nd7 20. Qe2 Qc7 21. Qf2
Ne5 22. Rad1 Nc5 23. Rf1 Nc6 24. Qc2 Nxd4 25. Bxd4 Bxd4+ 26. Rxd4 Ne6 27. Rd2
Qc5+ 28. Kh1 Nd4 29. Qd3 Nxb5 30. axb5 a4 31. Ra1 a3 32. bxa3 Rxa3 33. Rad1
Rxc3 34. Qe2 Rb3 35. Rd5 Qc2 36. Qxc2 Rxc2 37. e5 dxe5 38. Rxe5 e6 39. h4 Rcb2
40. Rc5 Rb1 41. Rxb1 Rxb1+ 42. Kh2 b6 43. Re5 Kf8 44. g4 Ke7 45. g5 f6 46.
gxf6+ Kxf6 47. f4 Rd1 48. Re3 Rd5 49. Rb3 Kf5 50. Kg3 Rd4 51. Rc3 Rb4 0-1

[Event "3.Nord-West-Cup"]
[Site "?"]
[Date "2001.02.04"]
[Round "6"]
[White "Wahrenberg, Ralf"]
[Black "Issel, Oliver"]
[Result "1/2-1/2"]
[WhiteElo "2066"]
[BlackElo "2236"]
[PlyCount "54"]

1. d4 Nf6 2. Nf3 e6 3. Bf4 b6 4. e3 Bb7 5. Nbd2 Be7 6. h3 c5 7. c3 O-O 8. Bd3
d6 9. O-O Nbd7 10. e4 Qc7 11. e5 Nd5 12. Bh2 cxd4 13. cxd4 dxe5 14. Rc1 Qd8 15.
dxe5 Nc5 16. Bb1 Nb4 17. Qe2 Ba6 18. Nc4 Rc8 19. Rfd1 Qc7 20. a3 Nbd3 21. Rc3
Rfd8 22. Nd6 Nxe5 23. Qxe5 Bxd6 24. Rxd6 Rxd6 25. Qxd6 Rd8 26. Bxh7+ Kxh7 27.
Qd3+ Rxd3 1/2-1/2

[Event "3.Nord-West-Cup"]
[Site "?"]
[Date "2001.02.04"]
[Round "6"]
[White "Zschischang, Marine"]
[Black "Schmidt, Harald"]
[Result "0-1"]
[WhiteElo "2227"]
[BlackElo "2038"]
[PlyCount "56"]

1. d4 Nf6 2. c4 c5 3. d5 b5 4. cxb5 e6 5. Nc3 exd5 6. Nxd5 Bb7 7. Nxf6+ Qxf6 8.
Nf3 d5 9. g3 a6 10. bxa6 Nxa6 11. Bg5 Qe6 12. Bg2 h6 13. Bd2 Be7 14. O-O O-O
15. e3 Nc7 16. Qc2 Qb6 17. a4 Ne6 18. Ne5 Qd6 19. Bc3 Rab8 20. Rfd1 d4 21. Nf3
Qc6 22. Bd2 Ng5 23. Ne1 Nh3+ 24. Kf1 Ba6+ 25. Nd3 Qg6 26. Bc1 c4 27. Bxh3 cxd3
28. Qc7 Qh5 0-1

[Event "3.Nord-West-Cup"]
[Site "?"]
[Date "2001.02.04"]
[Round "6"]
[White "Fischbach, Harald"]
[Black "Schuette, Marc"]
[Result "0-1"]
[WhiteElo "2220"]
[BlackElo "2209"]
[PlyCount "126"]

1. e4 e6 2. d3 d5 3. Nd2 Nf6 4. Ngf3 Nc6 5. g3 dxe4 6. dxe4 e5 7. Bg2 Bg4 8. h3
Bxf3 9. Qxf3 Nd4 10. Qd3 Nd7 11. Nb3 Nc5 12. Nxc5 Bxc5 13. O-O c6 14. Kh2 Qe7
15. c3 Ne6 16. b4 Bd6 17. Be3 O-O 18. Rfd1 Rfd8 19. Qe2 a5 20. Bb6 Bc7 21.
Rxd8+ Qxd8 22. Rd1 Qe7 23. bxa5 Bxb6 24. axb6 Ra6 25. Rb1 Qa3 26. Rb2 Qxc3 27.
Qxa6 bxa6 28. Rb3 Qxb3 29. axb3 Nc5 30. b4 Nd7 31. Bf1 c5 32. bxc5 Nxc5 33. Kg2
Kf8 34. Bc4 Ke7 35. Kf3 a5 36. Ke3 f6 37. f3 Kd6 38. Bb5 Nb7 39. Kd3 Kc5 40.
Ba4 Nd6 41. Kc3 Kxb6 42. Bd7 Kc5 43. h4 Nb5+ 44. Kd3 a4 45. Be6 Nd4 46. Bg8 Kb4
47. f4 Nb3 48. Kc2 h6 49. fxe5 fxe5 50. g4 Nd4+ 51. Kd3 g5 52. hxg5 hxg5 53.
Bf7 Nb5 54. Kc2 Nd6 55. Bd5 Ne8 56. Kd3 Nf6 57. Be6 Ka3 58. Kc4 Kb2 59. Kc5 a3
60. Kd6 Nxg4 61. Bg8 Nf6 62. Bf7 Nxe4+ 63. Kxe5 Nc5 0-1

[Event "3.Nord-West-Cup"]
[Site "?"]
[Date "2001.02.04"]
[Round "6"]
[White "Kiese, Matthias"]
[Black "Tschetschelnizki, Boris"]
[Result "1/2-1/2"]
[WhiteElo "2199"]
[BlackElo "2254"]
[PlyCount "81"]

1. d4 e6 2. Nf3 f5 3. g3 Nf6 4. Bg2 d5 5. O-O Bd6 6. c4 c6 7. Bf4 Bxf4 8. gxf4
O-O 9. e3 Bd7 10. Qb3 Qb6 11. c5 Qc7 12. Ne5 Be8 13. Nd2 Bh5 14. Qd3 Ne4 15. f3
Nxd2 16. Qxd2 Nd7 17. Nxd7 Qxd7 18. Kh1 Kh8 19. Qf2 Qe7 20. Rg1 Rg8 21. Bf1 h6
22. Be2 Qf6 23. b4 a6 24. a4 Be8 25. Rab1 Qe7 26. Rg3 Kh7 27. Rh3 Rf8 28. Qh4
Rf6 29. Bd3 Qd8 30. Rg3 Rc8 31. Rg2 Kh8 32. Qe1 Rf8 33. b5 axb5 34. axb5 Bh5
35. Qg3 Rg8 36. bxc6 bxc6 37. Rb6 Rc7 38. Ra2 Be8 39. Rab2 Qe7 40. Ra2 Qf6 41.
Ra8 1/2-1/2

[Event "3.Nord-West-Cup"]
[Site "?"]
[Date "2001.02.04"]
[Round "6"]
[White "Margraf, Daniel"]
[Black "Heinemann, Ernst"]
[Result "0-1"]
[WhiteElo "2011"]
[BlackElo "2198"]
[PlyCount "94"]

1. e4 c6 2. d4 d5 3. e5 Bf5 4. Ne2 e6 5. Ng3 Bg6 6. h4 h6 7. h5 Bh7 8. Bd3 Bxd3
9. cxd3 Na6 10. a3 Be7 11. Qg4 Bf8 12. b4 Qd7 13. O-O Ne7 14. Nc3 Nc7 15. a4
Nf5 16. b5 Rg8 17. bxc6 bxc6 18. Rb1 a5 19. Nxf5 exf5 20. Qf3 Na6 21. Ne2 Bb4
22. Ng3 g6 23. Bxh6 Nc7 24. Bg5 Ne6 25. Be3 Qe7 26. Ne2 Qh4 27. hxg6 fxg6 28.
g3 Qh3 29. Qg2 Qxg2+ 30. Kxg2 g5 31. f3 Kd7 32. Rh1 Rh8 33. Rxh8 Rxh8 34. Nc1
f4 35. gxf4 gxf4 36. Bf2 Kc7 37. Na2 Bd2 38. Nc1 Be3 39. Bxe3 fxe3 40. Ne2 Rg8+
41. Kh2 Rh8+ 42. Kg3 Rg8+ 43. Kh3 Rh8+ 44. Kg4 Rh2 45. Re1 Rg2+ 46. Kh4 Kd7 47.
f4 Rxe2 0-1

[Event "3.Nord-West-Cup"]
[Site "?"]
[Date "2001.02.04"]
[Round "6"]
[White "Tschetschelnizki, Mikhail"]
[Black "Meyer, Malte"]
[Result "0-1"]
[WhiteElo "2139"]
[BlackElo "2194"]
[PlyCount "98"]

1. d4 d5 2. Nf3 Nf6 3. Bg5 Bf5 4. e3 e6 5. Bd3 Bxd3 6. Qxd3 c6 7. O-O Be7 8. c4
O-O 9. Nc3 Nbd7 10. Rab1 h6 11. Bh4 a5 12. a3 Nh5 13. Bxe7 Qxe7 14. Rfc1 Nhf6
15. h3 dxc4 16. Qxc4 e5 17. dxe5 Nxe5 18. Nxe5 Qxe5 19. Rd1 Rfd8 20. a4 Qe7 21.
b3 Nd7 22. Kf1 Qe5 23. Ne2 Nb6 24. Qc3 Qe7 25. Rxd8+ Qxd8 26. e4 Nd7 27. Rd1
Qe7 28. f3 g6 29. Nc1 Nc5 30. Qd4 Ne6 31. Qb6 Rd8 32. Rxd8+ Qxd8 33. Qxd8+ Nxd8
34. Ke2 Kf8 35. Nd3 Ke7 36. Nb2 Kd6 37. Kd3 b5 38. Kc3 h5 39. Nd3 h4 40. Nb2
Ne6 41. Nd3 g5 42. Kd2 Nc5 43. axb5 Nxd3 44. Kxd3 cxb5 45. Kd4 f6 46. Ke3 Kc5
47. Kd3 Kb4 48. Kc2 a4 49. bxa4 bxa4 0-1

[Event "3.Nord-West-Cup"]
[Site "?"]
[Date "2001.02.04"]
[Round "6"]
[White "Pericic, Boris"]
[Black "Segelken, Peter"]
[Result "1-0"]
[WhiteElo "1866"]
[BlackElo "2015"]
[PlyCount "85"]

1. d4 d5 2. c4 Nf6 3. Nc3 c6 4. e3 e6 5. Bd3 Bd6 6. Nf3 Nbd7 7. e4 dxe4 8. Nxe4
Nxe4 9. Bxe4 Bb4+ 10. Bd2 Qa5 11. O-O Bxd2 12. Nxd2 Nf6 13. Re1 O-O 14. Bd3 Qb6
15. c5 Qc7 16. Nc4 b6 17. Nd6 Ne8 18. Ne4 f5 19. Ng5 Qf4 20. Nxe6 Bxe6 21. Rxe6
Qxd4 22. Qb3 Kh8 23. cxb6 axb6 24. Rxc6 Rd8 25. Bf1 Nf6 26. Qxb6 Qg4 27. Rc4
Qg5 28. Rd4 Rb8 29. Qc5 Rfc8 30. Qa3 Ne4 31. Rad1 h6 32. Bd3 Ra8 33. Ra4 Rxa4
34. Qxa4 Nf6 35. h4 Qh5 36. f3 Rf8 37. Qd4 Kh7 38. Bc2 Rf7 39. Qf4 Ng8 40. a4
Qg6 41. Rd6 Rf6 42. Rxf6 Qxf6 43. Qxf5+ 1-0

[Event "3.Nord-West-Cup"]
[Site "?"]
[Date "2001.02.04"]
[Round "6"]
[White "Ohse, Andreas"]
[Black "Welz, Peter"]
[Result "0-1"]
[WhiteElo "1956"]
[BlackElo "2192"]
[PlyCount "104"]

1. c4 f5 2. g3 Nf6 3. Bg2 g6 4. Nc3 Bg7 5. d3 O-O 6. e4 fxe4 7. dxe4 e5 8. Nge2
d6 9. O-O Be6 10. Nd5 Nc6 11. Bg5 Qd7 12. Qd3 Nh5 13. Be3 Rf7 14. c5 Raf8 15.
cxd6 cxd6 16. Nec3 Nf6 17. Nb5 Nxd5 18. exd5 Bf5 19. Qd2 Ne7 20. Nxa7 Bh3 21.
a4 Bxg2 22. Kxg2 Qg4 23. Nb5 Nf5 24. Bg5 h6 25. h3 Qxg5 26. Qxg5 hxg5 27. Rac1
e4 28. g4 Nh4+ 29. Kg1 Be5 30. Nc3 e3 31. fxe3 Bh2+ 32. Kxh2 Rxf1 33. Rxf1 Rxf1
34. Ne4 Rb1 35. Nxg5 Rxb2+ 36. Kg3 Ng2 37. e4 Ne3 38. h4 Ra2 39. h5 gxh5 40.
gxh5 Rxa4 41. h6 b5 42. Kf4 Nxd5+ 43. Kf5 Ne7+ 44. Ke6 Ra7 45. Kxd6 b4 46. h7+
Kg7 47. Ne6+ Kxh7 48. Nc5 Kg7 49. e5 Kf7 50. e6+ Ke8 51. Nd3 b3 52. Kc5 Ra2 0-1

[Event "3.Nord-West-Cup"]
[Site "?"]
[Date "2001.02.04"]
[Round "6"]
[White "Brinkmann, Georg"]
[Black "Schenk, Uwe"]
[Result "0-1"]
[WhiteElo "1931"]
[BlackElo "2148"]
[PlyCount "76"]

1. d4 Nf6 2. c4 g6 3. Nc3 Bg7 4. e4 d6 5. f3 O-O 6. Be3 c5 7. Nge2 Nc6 8. Qd2
Qa5 9. g4 h5 10. gxh5 cxd4 11. Nxd4 Qxh5 12. Be2 Nxd4 13. Bxd4 Bh6 14. Be3 Qh4+
15. Kd1 Bxe3 16. Qxe3 Be6 17. Nd5 Bxd5 18. cxd5 Nh5 19. Kd2 Rfc8 20. Rac1 Qf6
21. Rc3 Rxc3 22. Qxc3 Qg5+ 23. Qe3 Qe5 24. Qc3 Qg5+ 25. Qe3 Qg2 26. Qg1 Qxg1
27. Rxg1 Rc8 28. Rc1 Rxc1 29. Kxc1 Kg7 30. Kd2 Kf6 31. Ke3 Ke5 32. Bb5 Nf4 33.
Be8 f5 34. Bd7 fxe4 35. fxe4 g5 36. Bf5 Nxd5+ 37. Kf3 Nf6 38. Ke3 e6 0-1

[Event "3.Nord-West-Cup"]
[Site "?"]
[Date "2001.02.04"]
[Round "6"]
[White "Fuhrmann, Dirk"]
[Black "Rau, Uwe"]
[Result "1/2-1/2"]
[WhiteElo "2144"]
[BlackElo "2190"]
[PlyCount "100"]

1. d4 Nf6 2. c4 e6 3. Nc3 Bb4 4. f3 c5 5. d5 d6 6. e4 Bxc3+ 7. bxc3 e5 8. Bd3
O-O 9. Bg5 h6 10. Bh4 Nbd7 11. g4 g5 12. Bf2 Kg7 13. Qd2 Ng8 14. Ne2 f6 15. Ng3
Nb6 16. h4 Ne7 17. hxg5 hxg5 18. Be3 Ng6 19. O-O-O Qe7 20. Nh5+ Kg8 21. Qh2 Rf7
22. Rdg1 Kf8 23. f4 exf4 24. Bxf4 Ne5 25. Bxe5 Qxe5 26. Qxe5 fxe5 27. Be2 Bd7
28. Rf1 Ke7 29. Rxf7+ Kxf7 30. Rf1+ Ke7 31. Rf6 Rg8 32. Kd2 Na8 33. Rh6 Rf8 34.
Rg6 Nc7 35. Rxg5 Ne8 36. Ng3 Kf6 37. Rh5 Rg8 38. Nf5 Rg5 39. Rh6+ Rg6 40. Rh7
Bxf5 41. exf5 Rg7 42. Rh6+ Kg5 43. Re6 Nf6 44. Ke3 Rd7 45. a4 b6 46. Kf3 a5 47.
Bf1 Rd8 48. Bg2 Rd7 49. Kg3 Rd8 50. Re7 Rd7 1/2-1/2

[Event "3.Nord-West-Cup"]
[Site "?"]
[Date "2001.02.04"]
[Round "6"]
[White "Paust, Wolf-Dieter"]
[Black "Schmitz-Jordan, Juergen"]
[Result "0-1"]
[WhiteElo "2124"]
[BlackElo "2001"]
[PlyCount "92"]

1. e4 c5 2. Nc3 e6 3. Bc4 g6 4. d3 Bg7 5. Bf4 d6 6. Qd2 Nc6 7. Nge2 a6 8. a4 h6
9. f3 Nge7 10. O-O d5 11. Bb3 d4 12. Nd1 e5 13. Bg3 g5 14. a5 Ng6 15. Be1 h5
16. c3 Nxa5 17. Rxa5 Qxa5 18. Qxg5 Qb6 19. Ba4+ Kf8 20. b4 cxb4 21. cxd4 Bh6
22. Qg3 h4 23. Qf2 Nf4 24. Nxf4 Bxf4 25. Qb2 Qxd4+ 26. Qxd4 exd4 27. Bxb4+ Kg8
28. Bc5 Rh6 29. Bxd4 Rd6 30. Bf2 Rxd3 31. Bxh4 b5 32. Bc2 Rd2 33. Bb3 Be6 34.
Bxe6 fxe6 35. g3 Bc7 36. Bg5 Bb6+ 37. Kh1 Re2 38. Nc3 Rc2 39. Nb1 Rac8 40. Rd1
Re2 41. h4 Rcc2 42. Nd2 Ba5 43. Nf1 Re1 44. Rxe1 Bxe1 45. Ne3 Re2 46. Nf1 b4
0-1

[Event "3.Nord-West-Cup"]
[Site "?"]
[Date "2001.02.04"]
[Round "6"]
[White "Eickhoff, Hermann"]
[Black "Spittel, Olaf"]
[Result "1/2-1/2"]
[WhiteElo "2094"]
[BlackElo "1815"]
[PlyCount "100"]

1. e4 d6 2. d4 Nf6 3. Bd3 g6 4. f4 Bg7 5. Nf3 O-O 6. O-O c5 7. c3 cxd4 8. cxd4
Qb6 9. Kh1 Bg4 10. d5 Nbd7 11. Nc3 Rac8 12. Na4 Qc7 13. Be3 Qb8 14. Qe2 a6 15.
Nc3 Nc5 16. Rac1 Rc7 17. Bb1 Rfc8 18. h3 Bd7 19. Kh2 Na4 20. Nxa4 Bxa4 21. Rxc7
Rxc7 22. Bb6 Rc8 23. Bd3 Nd7 24. Bd4 Nc5 25. Rf2 Nxd3 26. Qxd3 Bb5 27. Qe3 Qc7
28. Bxg7 Kxg7 29. Nd4 Bd7 30. e5 e6 31. Rc2 Qb8 32. Rxc8 Bxc8 33. dxe6 Bxe6 34.
a3 Qc7 35. Kg3 h6 36. Kf2 Kh7 37. g4 dxe5 38. Qxe5 Qxe5 39. fxe5 Bd5 40. h4 g5
41. hxg5 hxg5 42. Nf5 Bb3 43. Nd6 b6 44. Ne4 Kg6 45. Ke3 Bd1 46. Nf6 Bb3 47.
Ke4 Be6 48. b4 a5 49. bxa5 bxa5 50. Kd4 a4 1/2-1/2

[Event "3.Nord-West-Cup"]
[Site "?"]
[Date "2001.02.04"]
[Round "6"]
[White "Gudat, Alfons"]
[Black "Schuenemann, Wilfried"]
[Result "1-0"]
[WhiteElo "2072"]
[BlackElo "1729"]
[PlyCount "55"]

1. e4 e6 2. d4 a6 3. Nf3 b5 4. Bd3 Bb7 5. O-O c5 6. c3 Nf6 7. Re1 Nc6 8. d5 Ne7
9. d6 Ng6 10. e5 Ng4 11. Nbd2 f6 12. Ne4 c4 13. Bc2 N4xe5 14. Nxe5 Nxe5 15. Nc5
Bd5 16. Rxe5 Bxd6 17. Rxd5 exd5 18. Qh5+ Ke7 19. Qxd5 Qc7 20. Be3 Bxh2+ 21. Kh1
Be5 22. f4 Bd6 23. Ne4 Bxf4 24. Bc5+ d6 25. Nxd6 Bxd6 26. Re1+ Kd8 27. Qxa8+
Kd7 28. Bf5# 1-0

[Event "3.Nord-West-Cup"]
[Site "?"]
[Date "2001.02.04"]
[Round "6"]
[White "Schneider, Andreas"]
[Black "Wiertzema, Michael"]
[Result "0-1"]
[WhiteElo "1880"]
[BlackElo "2187"]
[PlyCount "46"]

1. e4 c5 2. Nc3 Nc6 3. g3 e5 4. d3 d6 5. f4 h5 6. h3 exf4 7. Bxf4 g5 8. Be3 Bg7
9. Qd2 Be5 10. O-O-O Qa5 11. Nge2 Be6 12. d4 cxd4 13. Bxd4 O-O-O 14. Kb1 Nge7
15. Qxg5 Rhg8 16. Qxh5 Nxd4 17. Rxd4 Nc6 18. Ra4 Qb6 19. Qf3 d5 20. Nf4 dxe4
21. Rxe4 Bxc3 22. Bb5 Bh8 23. Nxe6 Qxb5 0-1

[Event "3.Nord-West-Cup"]
[Site "?"]
[Date "2001.02.04"]
[Round "7"]
[White "Gaprindashvili, Valerian"]
[Black "Miezis, Normunds"]
[Result "1/2-1/2"]
[WhiteElo "2459"]
[BlackElo "2524"]
[PlyCount "89"]

1. d4 Nf6 2. c4 e5 3. dxe5 Ng4 4. Bf4 Nc6 5. Nf3 Bb4+ 6. Nbd2 Qe7 7. e3 Ncxe5
8. Nxe5 Nxe5 9. a3 Bxd2+ 10. Qxd2 O-O 11. Be2 d6 12. O-O f6 13. Rfc1 Be6 14. b4
Rad8 15. Qd4 b6 16. Qc3 Nd7 17. Bg3 f5 18. f4 Qf7 19. Bf3 Rc8 20. Bb7 Rb8 21.
Bc6 Nf6 22. Qd4 Bd7 23. Bf3 Ne4 24. Bxe4 fxe4 25. c5 dxc5 26. bxc5 Bb5 27. cxb6
cxb6 28. Qe5 Bc4 29. Qxe4 Bd5 30. Qd4 Rbe8 31. Rc3 Ba8 32. Rac1 Qb7 33. Qd2 Rf7
34. Qa2 Qe4 35. Qc2 Qe6 36. Rc8 Rfe7 37. Qc3 Bb7 38. Rxe8+ Rxe8 39. Qc4 Qxc4
40. Rxc4 Rxe3 41. Rc7 Ba6 42. Rxa7 Rxa3 43. f5 Ra1+ 44. Kf2 Ra5 45. Ke3 1/2-1/2

[Event "3.Nord-West-Cup"]
[Site "?"]
[Date "2001.02.04"]
[Round "7"]
[White "Enders, Peter"]
[Black "Jobava, Baadur"]
[Result "1-0"]
[WhiteElo "2475"]
[BlackElo "2480"]
[PlyCount "59"]

1. e4 c5 2. Nf3 d6 3. d4 cxd4 4. Nxd4 Nf6 5. Nc3 a6 6. Bg5 e6 7. f4 Nc6 8. Nxc6
bxc6 9. e5 h6 10. Bxf6 gxf6 11. exd6 Qxd6 12. Qxd6 Bxd6 13. g3 f5 14. O-O-O Kd7
15. Bg2 Kc7 16. Ne2 h5 17. Nd4 Bb7 18. Rd3 Rag8 19. Bxc6 Bxc6 20. Rc3 h4 21.
Rxc6+ Kd7 22. Rd1 hxg3 23. hxg3 Ke7 24. Nxf5+ exf5 25. Rcxd6 Rxg3 26. Rxa6 Rf3
27. Ra7+ Ke6 28. Ra6+ Ke7 29. Ra4 Rh4 30. b3 1-0

[Event "3.Nord-West-Cup"]
[Site "?"]
[Date "2001.02.04"]
[Round "7"]
[White "Khamrakulov, Ibragim S"]
[Black "Meijers, Viesturs"]
[Result "1-0"]
[WhiteElo "2359"]
[BlackElo "2478"]
[PlyCount "69"]

1. e4 e5 2. Nf3 Nf6 3. Nxe5 d6 4. Nf3 Nxe4 5. d4 d5 6. Bd3 Nc6 7. O-O Be7 8. h3
O-O 9. c4 Nb4 10. Be2 b6 11. Nc3 Bb7 12. a3 Nxc3 13. bxc3 Nc6 14. cxd5 Qxd5 15.
c4 Qd8 16. d5 Nb8 17. Qc2 Bf6 18. Bb2 Nd7 19. Rad1 Re8 20. Nd4 Nc5 21. Bf3 a6
22. Bg4 g6 23. f4 Qe7 24. f5 g5 25. Ne6 fxe6 26. fxe6 Rf8 27. Bh5 Nxe6 28. dxe6
Qxe6 29. Bxf6 Rxf6 30. Rxf6 Qxf6 31. Rd7 Qa1+ 32. Bd1 Qf6 33. Qxh7+ Kf8 34. Bh5
Qa1+ 35. Rd1 1-0

[Event "3.Nord-West-Cup"]
[Site "?"]
[Date "2001.02.04"]
[Round "7"]
[White "Gutman, Lev"]
[Black "Hermann, Manfred"]
[Result "1-0"]
[WhiteElo "2547"]
[BlackElo "2351"]
[PlyCount "91"]

1. Nf3 d5 2. g3 Nf6 3. Bg2 c6 4. c3 Bg4 5. Qb3 Qc8 6. d4 Nbd7 7. Bf4 h6 8. Nbd2
e6 9. O-O Be7 10. c4 O-O 11. Rac1 Bf5 12. Ne5 Nxe5 13. dxe5 Nd7 14. g4 Bg6 15.
Bg3 d4 16. f4 Nc5 17. Qf3 f5 18. exf6 Bxf6 19. Qa3 Be7 20. b4 Nd7 21. Qb3 Nf6
22. h3 a5 23. a3 axb4 24. axb4 Rd8 25. c5 Ra6 26. Nc4 Nd5 27. f5 exf5 28. b5
Ra7 29. Nb6 Qe6 30. Nxd5 cxd5 31. Bc7 Rd7 32. b6 Ra8 33. c6 Ra3 34. Qb5 Qe3+
35. Kh1 fxg4 36. Bf4 bxc6 37. Qxc6 Qxh3+ 38. Bxh3 Rxh3+ 39. Kg1 Be4 40. Qxd7
Rh1+ 41. Kf2 Bh4+ 42. Bg3 Rh2+ 43. Ke1 Bxg3+ 44. Kd1 h5 45. Rc8+ Kh7 46. Re8
1-0

[Event "3.Nord-West-Cup"]
[Site "?"]
[Date "2001.02.04"]
[Round "7"]
[White "Pikula, Dejan"]
[Black "Hedke, Fred"]
[Result "1/2-1/2"]
[WhiteElo "2507"]
[BlackElo "2347"]
[PlyCount "124"]

1. e4 e5 2. Nf3 Nc6 3. Bb5 a6 4. Ba4 Nf6 5. O-O Be7 6. Re1 b5 7. Bb3 d6 8. c3
O-O 9. h3 h6 10. d4 Bb7 11. Nbd2 Re8 12. Nf1 Bf8 13. Ng3 g6 14. Bc2 Bg7 15. a3
Qe7 16. Be3 Qf8 17. d5 Na5 18. b3 Bc8 19. Nd2 c5 20. b4 Nb7 21. c4 Bd7 22. Bd3
Reb8 23. Qe2 Qe8 24. Nb3 Bf8 25. Rec1 a5 26. bxc5 bxc4 27. Bxc4 a4 28. c6 axb3
29. cxd7 Nxd7 30. Bxb3 Nbc5 31. Bc4 Nb3 32. Bxb3 Rxb3 33. Rc7 Qd8 34. Qc4 Nc5
35. Rc6 Rbxa3 36. Rxa3 Rxa3 37. Bxc5 dxc5 38. d6 Ra1+ 39. Kh2 Rd1 40. Qxc5 Rxd6
41. Rc8 Qe7 42. Qa5 Kh7 43. Nf1 Bg7 44. Ne3 Qh4 45. Ng4 h5 46. g3 Qg5 47. f4
Qe7 48. Nxe5 Qb7 49. Rc2 Qxe4 50. Rd2 Bxe5 51. fxe5 Rxd2+ 52. Qxd2 Qxe5 53. h4
Kg7 54. Kg2 Qe4+ 55. Kh2 Qf3 56. Qd4+ Kh7 57. Qd2 Qf5 58. Qe2 Qd5 59. Qf2 Kg7
60. Qe2 f6 61. Qe7+ Qf7 62. Qe3 Qc7 1/2-1/2

[Event "3.Nord-West-Cup"]
[Site "?"]
[Date "2001.02.04"]
[Round "7"]
[White "Mainka, Romuald"]
[Black "Hoffmann, Alexander"]
[Result "1-0"]
[WhiteElo "2482"]
[BlackElo "2421"]
[PlyCount "53"]

1. e4 c5 2. Nf3 e6 3. Nc3 Nc6 4. d4 cxd4 5. Nxd4 Qc7 6. Be2 a6 7. O-O Nf6 8. a4
Bb4 9. Bg5 Bxc3 10. Bxf6 gxf6 11. bxc3 Ne7 12. c4 b6 13. Re1 Bb7 14. Bf1 h5 15.
Rb1 Nc6 16. Nb3 d6 17. Qd2 Rg8 18. Re3 O-O-O 19. Qc3 Rg6 20. Rh3 Rdg8 21. a5
bxa5 22. c5 d5 23. exd5 exd5 24. Nd4 Nxd4 25. Qxd4 Rg4 26. Qxf6 d4 27. Rxb7 1-0

[Event "3.Nord-West-Cup"]
[Site "?"]
[Date "2001.02.04"]
[Round "7"]
[White "Lingnau, Carsten"]
[Black "Tseitlin, Mikhail S"]
[Result "1/2-1/2"]
[WhiteElo "2421"]
[BlackElo "2431"]
[PlyCount "46"]

1. Nf3 d6 2. d4 Bg4 3. c4 Nd7 4. Nc3 Bxf3 5. exf3 e6 6. Be2 g6 7. O-O Bg7 8. d5
Ne7 9. f4 exd5 10. cxd5 O-O 11. g4 Nb6 12. Bf3 Re8 13. Qd3 Qd7 14. h3 c5 15.
dxc6 bxc6 16. Bd2 d5 17. b3 Rad8 18. Rac1 h5 19. Ne2 hxg4 20. hxg4 f5 21. g5
Qd6 22. Nd4 Rc8 23. Rfd1 c5 1/2-1/2

[Event "3.Nord-West-Cup"]
[Site "?"]
[Date "2001.02.04"]
[Round "7"]
[White "Meins, Gerlef"]
[Black "Jugelt, Tobias"]
[Result "0-1"]
[WhiteElo "2426"]
[BlackElo "2386"]
[PlyCount "72"]

1. d4 d5 2. c4 c6 3. Nf3 Nf6 4. Qc2 g6 5. Bf4 Bf5 6. Qb3 Qb6 7. e3 Bg7 8. Nc3
O-O 9. h3 Na6 10. g4 Qxb3 11. axb3 Bc2 12. Ra3 Nb4 13. Be2 Rfc8 14. Ne5 Ne4 15.
f3 Nd6 16. c5 Ne8 17. Kd2 g5 18. Bg3 f6 19. Nd3 Bxd3 20. Bxd3 Nxd3 21. Kxd3 e5
22. h4 gxh4 23. Rxh4 Nc7 24. b4 Re8 25. Ra1 Re7 26. Rh5 a6 27. Rah1 Ne6 28.
dxe5 fxe5 29. f4 exf4 30. exf4 Rae8 31. Nd1 Nf8 32. f5 Re4 33. g5 Be5 34. Bxe5
R8xe5 35. Rf1 Rxb4 36. Rh6 Rg4 0-1

[Event "3.Nord-West-Cup"]
[Site "?"]
[Date "2001.02.04"]
[Round "7"]
[White "Wittje, Berthold"]
[Black "Lanka, Zigurds"]
[Result "0-1"]
[WhiteElo "2216"]
[BlackElo "2504"]
[PlyCount "142"]

1. Nf3 Nf6 2. g3 g6 3. Bg2 Bg7 4. c4 d6 5. d4 O-O 6. O-O Nc6 7. Nc3 a6 8. b3
Rb8 9. Bd2 Nd7 10. e3 e5 11. dxe5 dxe5 12. Qc2 f5 13. Rad1 e4 14. Nd4 Nxd4 15.
exd4 g5 16. Bc1 g4 17. b4 h6 18. a4 Nf6 19. Ne2 Bd7 20. Nf4 Qe8 21. b5 axb5 22.
axb5 Qf7 23. d5 Ra8 24. Be3 Nh7 25. h4 gxh3 26. Nxh3 Rfe8 27. d6 cxd6 28. Rxd6
Be6 29. Rc1 Rec8 30. Bf1 Bf8 31. Rxe6 Qxe6 32. c5 Qf6 33. c6 bxc6 34. b6 Rd8
35. b7 Rab8 36. Qb3+ Kh8 37. Bf4 c5 38. Bxb8 Rxb8 39. Qd5 Bd6 40. Qc6 e3 41.
Rd1 exf2+ 42. Kg2 Be5 43. Qxc5 Qg7 44. Qc8+ Nf8 45. Rd3 Rxb7 46. Qxf5 Rb8 47.
Nf4 Bd4 48. Nh5 Qe5 49. Qxe5+ Bxe5 50. Kxf2 Ne6 51. Be2 Bd4+ 52. Kf1 Rf8+ 53.
Rf3 Ra8 54. Bc4 Ng5 55. Rd3 Rf8+ 56. Ke2 Be5 57. Rd7 Re8 58. Kd1 Ne4 59. g4
Nf2+ 60. Kc2 Nxg4 61. Bd3 Rc8+ 62. Kd2 Bc3+ 63. Ke2 Re8+ 64. Kf1 Be5 65. Bg6
Ra8 66. Re7 Rf8+ 67. Ke2 Rf2+ 68. Kd3 Bd6 69. Rh7+ Kg8 70. Rd7 Ne5+ 71. Ke4
Nxd7 0-1

[Event "3.Nord-West-Cup"]
[Site "?"]
[Date "2001.02.04"]
[Round "7"]
[White "Nikolic, Stanimir"]
[Black "Schuette, Marc"]
[Result "1/2-1/2"]
[WhiteElo "2348"]
[BlackElo "2209"]
[PlyCount "150"]

1. d4 d5 2. Nf3 c6 3. Bg5 Nf6 4. Bxf6 gxf6 5. e3 c5 6. dxc5 Qa5+ 7. Nc3 e6 8.
Qd4 Nc6 9. Bb5 Rg8 10. g3 Bd7 11. Bxc6 Bxc6 12. b4 Qa3 13. O-O a5 14. b5 Bd7
15. Rab1 Qxc5 16. Qd3 Rc8 17. Rb3 Rg4 18. e4 a4 19. Nxa4 Qxc2 20. Qxc2 Rxc2 21.
Ne1 Rxa2 22. Nc3 Ra3 23. Rxa3 Bxa3 24. f3 Rg8 25. exd5 Bb2 26. dxe6 fxe6 27.
Ne4 Ke7 28. Nd3 Bd4+ 29. Kg2 Bxb5 30. Rd1 Rc8 31. g4 Rc2+ 32. Kg3 Bxd3 33. Rxd3
Bg1 34. Nd2 Bc5 35. f4 Bb4 36. Nf3 Rc3 37. Rd1 Rb3 38. Kg2 Bd6 39. f5 Rb2+ 40.
Kf1 Bc5 41. Rd3 exf5 42. gxf5 Rb4 43. Rd5 b6 44. h3 Rb2 45. Nd4 Rh2 46. Nc6+
Kf8 47. Nd8 Kg7 48. Ne6+ Kh6 49. Nxc5 bxc5 50. Rxc5 Rxh3 51. Kg2 Rh4 52. Kg3
Kg5 53. Rc7 Rh1 54. Kg2 Rh5 55. Kf3 Kxf5 56. Rc5+ Kg6 57. Rc8 Ra5 58. Rg8+ Kf5
59. Rh8 Ra3+ 60. Kg2 Ra7 61. Kg3 Rg7+ 62. Kf3 Kg5 63. Ra8 h5 64. Ra5+ f5 65.
Ra8 h4 66. Rh8 Rg6 67. Rh7 Rg8 68. Ra7 Rh8 69. Kg2 h3+ 70. Kh2 f4 71. Ra3 Kg4
72. Ra1 Rh7 73. Rg1+ Kf3 74. Rf1+ Ke3 75. Re1+ Kf3 1/2-1/2

[Event "3.Nord-West-Cup"]
[Site "?"]
[Date "2001.02.04"]
[Round "7"]
[White "Vasiljevic, Dragan"]
[Black "Heinemann, Ernst"]
[Result "1-0"]
[WhiteElo "2339"]
[BlackElo "2198"]
[PlyCount "74"]

1. d4 Nf6 2. c4 c5 3. d5 b5 4. cxb5 a6 5. b6 e6 6. Nc3 Nxd5 7. Nxd5 exd5 8.
Qxd5 Nc6 9. Nf3 Bb7 10. e4 Be7 11. Bc4 O-O 12. Qf5 Qxb6 13. O-O Na5 14. Bd5
Bxd5 15. Qxd5 Qe6 16. Rd1 h6 17. Bf4 Ra7 18. b4 Qxd5 19. Rxd5 Nc6 20. bxc5 Nb4
21. Rd2 Bxc5 22. Rc1 Be7 23. Nd4 Re8 24. f3 Bf8 25. a3 Nc6 26. Nxc6 dxc6 27.
Rxc6 Bxa3 28. Ra2 Bb4 29. Rcxa6 Rea8 30. Rxa7 Rxa7 31. Rxa7 Bc5+ 32. Kf1 Bxa7
33. Ke2 f6 34. h3 Kf7 35. Kd3 Ke6 36. g4 Bb6 37. Be3 37... Bc7 {
Rest unleserlich, 1-0 im 66.Zug} 1-0

[Event "3.Nord-West-Cup"]
[Site "?"]
[Date "2001.02.04"]
[Round "7"]
[White "Wolter, Kai"]
[Black "Kolthoff, Siegmund"]
[Result "1/2-1/2"]
[WhiteElo "2286"]
[BlackElo "2195"]
[PlyCount "64"]

1. e4 c5 2. Nf3 e6 3. d4 cxd4 4. Nxd4 a6 5. Bd3 Qb6 6. Nb3 Qc7 7. O-O Nf6 8.
Nc3 d6 9. f4 Nc6 10. a3 Be7 11. Qe2 O-O 12. Bd2 Re8 13. Rae1 Nd7 14. Kh1 Bh4
15. Rd1 Bf6 16. Qh5 g6 17. Qh3 Bg7 18. f5 Nce5 19. Bg5 Rb8 20. f6 Bh8 21. Nd4
Nf8 22. Qh4 Bd7 23. Bh6 Qd8 24. Bg5 Bc6 25. Nf3 Ned7 26. Nd4 Rc8 27. Rf3 b5 28.
Rdf1 Bb7 29. Rh3 Rc5 30. Nb3 Rc8 31. Nd4 Rc5 32. Nb3 Rc8 1/2-1/2